[Event "2nd Irena Warakomska Memorial-A"]
[Site "Suwalki"]
[Date "2018.08.08"]
[Round "9"]
[White "Grib, Roman"]
[Black "Walkusz, Witoslaw"]
[Result "1-0"]
[WhiteElo "2431"]
[BlackElo "2121"]
[Annotator "TA"]
[PlyCount "117"]
[EventDate "2018.08.01"]
[EventType "swiss"]
[EventCountry "POL"]
[SourceTitle "playchess.com"]
[Source "ChessBase"]
[SourceQuality "1"]

{[%evp 16,117,37,30,69,73,72,71,60,55,62,43,54,51,61,54,59,53,55,56,57,41,52,58,102,22,106,41,47,60,60,20,19,0,42,37,105,92,101,82,85,77,97,62,48,54,55,49,42,43,51,44,75,67,71,33,40,41,40,43,39,33,35,39,145,94,108,108,108,108,111,108,108,108,108,108,108,108,204,152,160,153,158,152,318,252,305,320,573,579,1333,1126,1333,1333,1210,1177,6025,6025,5131,4727,12071,6958,5019,4943]} 1. d4 f5 2. g3 Nf6 3. Bg2 g6 4. Nf3 Bg7 5. O-O O-O 6. b3 d6 7. Bb2 c6 8. Nbd2 Na6 9. Ne1 {LiveBook: 14 Games} Nh5 $146 {A81: Dutch Defence: 2 g3} ({Predecessor:} 9... e5 10. dxe5 Nd7 11. Nc4 d5 12. e6 Nf6 13. Ne5 Bxe6 14. N1d3 Ne4 15. Nf3 Bxb2 16. Nxb2 c5 17. Nd3 {0-1 (60) Porper,E (2377)-Hjartarson,J (2536) chess.com INT 2018}) 10. Nd3 f4 11. e3 {[%cal Re3f4]} fxe3 {White is better.} 12. fxe3 {[%cal Bf2e3,Be3e4][%mdl 32]} Rxf1+ 13. Nxf1 (13. Qxf1 {is more complex.} Be6 14. Qe2 Qa5 15. Ne4 Rf8 16. c4) 13... Qb6 14. a4 {[%cal Ba2a4,Ba4a5][%mdl 32]} Bd7 15. a5 Qc7 16. e4 Rf8 17. Ne3 Qc8 18. Bf3 Nf6 19. e5 Bh6 20. Nc4 (20. Qe2 $16 dxe5 21. Nxe5) 20... dxe5 (20... Ng4 $11 {remains equal.}) 21. Ndxe5 (21. Ncxe5 $16 Bf5 22. Qe2) 21... Be6 22. Qe2 Bd5 23. Ng4 Bg7 {[#] ...Bxf3 is the strong threat.} 24. Nge5 Bxf3 25. Nxf3 Nd5 ({Better is} 25... Qf5 $14) 26. Nce5 $16 Qf5 27. c4 Nf6 28. Rf1 Qe4 29. Re1 Qxe2 30. Rxe2 Ng4 31. Kg2 Nxe5 32. Nxe5 Bxe5 33. Rxe5 $14 {[%mdl 4096] Endgame KRB-KRN} Rf7 34. Ba3 Kf8 35. h4 Ke8 36. h5 gxh5 37. Rxh5 Kd7 38. d5 c5 39. Rh6 Kc7 ({Black should play} 39... Nb4 $14) 40. g4 ({White should try} 40. Bc1) 40... b6 41. axb6+ axb6 42. Kg3 Kb7 43. Bc1 Nb4 44. Re6 Nc2 45. Bb2 Nb4 46. Bc3 Na6 (46... Nc2 $16 47. Re2 Nd4 48. Bxd4 cxd4) 47. Bd2 Nc7 48. Re1 Kc8 49. Bf4 Ne8 $2 (49... b5 $16 {keeps fighting.} 50. g5 Rg7) 50. Re6 $18 b5 {[#]} 51. Rc6+ $1 ({Not} 51. cxb5 Nf6 $16) 51... Kd7 $2 (51... Kb7 {was worth a try.} 52. Rxc5 bxc4 53. bxc4 Rf6) 52. cxb5 {White is clearly winning.} Nf6 53. Rc7+ Kd8 54. b6 {Intending b7 and mate.} Ne4+ 55. Kf3 Rf6 56. Kxe4 {White threatens Rc6 and mate.} Rxb6 57. Rxc5 {White wants to mate with Bc7+.} Rxb3 58. Kf5 Rf3 59. Rc6 {Precision: White = 74%, Black = 44%.} 1-0

[Event "2nd Irena Warakomska Memorial-A"]
[Site "Suwalki"]
[Date "2018.08.08"]
[Round "9"]
[White "Cukrowski, Filip"]
[Black "Sliwicki, Damian"]
[Result "1/2-1/2"]
[WhiteElo "2404"]
[BlackElo "2220"]
[Annotator "RC"]
[PlyCount "132"]
[EventDate "2018.08.01"]
[EventType "swiss"]
[EventCountry "POL"]
[SourceTitle "playchess.com"]
[Source "ChessBase"]
[SourceQuality "1"]
[TimeControl "40/5400+30:1800+30"]

1. e4 e5 {[%emt 0:04:59]} 2. Nf3 {[%emt 0:00:39]} Nc6 {[%emt 0:00:04]} 3. Bb5 {[%emt 0:00:06]} a6 {[%emt 0:00:04]} 4. Ba4 {[%emt 0:00:10]} Nf6 {[%emt 0:00:05]} 5. O-O Be7 6. d3 {[%emt 0:02:25]} b5 {[%emt 0:00:33]} 7. Bb3 d6 {[%emt 0:01:04]} 8. a3 {[%emt 0:01:00]} Na5 {[%emt 0:03:00]} 9. Ba2 {[%emt 0:00:23]} c5 {[%emt 0:00:15]} 10. h3 {[%emt 0:02:06]} O-O {[%emt 0:00:24]} 11. Nc3 {[%emt 0:02:19]} Be6 {[%emt 0:01:10]} 12. Bg5 {[%emt 0:04:05]} h6 {[%emt 0:01:47]} 13. Bxf6 {[%emt 0:00:38]} Bxf6 {[%emt 0:00:09]} 14. b4 {[%emt 0:04:40]} Nc6 {[%emt 0:01:10]} 15. Nd5 {[%emt 0:04:47]} Rc8 {[%emt 0:07:03]} 16. c3 {[%emt 0:00:16]} Bxd5 {[%emt 0:00:51]} 17. Bxd5 {[%emt 0:00:17]} Ne7 {[%emt 0:00:07]} 18. Qb3 {[%emt 0:01:55]} Qd7 {[%emt 0:06:58]} 19. Ra2 {[%emt 0:07:11]} Ng6 {[%emt 0:03:47]} 20. a4 {[%emt 0:02:20]} Nf4 {[%emt 0:06:48]} 21. axb5 {[%emt 0:00:16]} axb5 {[%emt 0:00:10]} 22. bxc5 {[%emt 0:09:41]} dxc5 {[%emt 0:01:51]} 23. Rb1 {[%emt 0:02:22]} Nxd5 {[%emt 0:30:51]} 24. Qxd5 {[%emt 0:05:35]} Qxd5 {[%emt 0:05:44]} 25. exd5 {[%emt 0:00:08]} c4 {[%emt 0:00:40]} 26. dxc4 {[%emt 0:01:07]} bxc4 {[%emt 0:06:05]} 27. Nd2 {[%emt 0:00:50]} Rfd8 {[%emt 0:04:49]} 28. Ra5 {[%emt 0:00:42]} Be7 {[%emt 0:00:05]} 29. Kf1 {[%emt 0:04:39]} f5 {[%emt 0:03:07]} 30. g4 {[%emt 0:07:42]} Bg5 {[%emt 0:00:18]} 31. Rb2 {[%emt 0:02:21]} Bxd2 {[%emt 0:02:16]} 32. Rxd2 {[%emt 0:00:04]} fxg4 {[%emt 0:02:21]} 33. hxg4 {[%emt 0:00:05]} Rd6 {[%emt 0:04:41]} 34. Re2 {[%emt 0:01:19]} Rf8 {[%emt 0:01:15]} 35. Re4 {[%emt 0:01:32]} Rf3 {[%emt 0:01:25]} 36. Rxc4 {[%emt 0:00:26]} Rdf6 {[%emt 0:00:03]} 37. Ra2 {[%emt 0:00:30]} Rd3 {[%emt 0:00:05]} 38. Rc8+ {[%emt 0:02:32]} Kh7 {[%emt 0:00:12]} 39. c4 {[%emt 0:01:48]} e4 {[%emt 0:00:43]} 40. Re2 {[%emt 0:00:00]} Rf4 {[%emt 0:00:00]} 41. Re8 {[%emt 0:04:29]} Rd1+ {[%emt 0:02:20]} 42. Re1 {[%emt 0:00:59]} Rd4 {[%emt 0:07:03]} 43. d6 {[%emt 0:04:32]} Rxd6 {[%emt 0:04:27]} 44. R8xe4 {[%emt 0:00:14]} Rd4 {[%emt 0:01:19]} 45. Rxd4 {[%emt 0:00:48]} Rxd4 {[%emt 0:00:03]} 46. Rc1 {[%emt 0:04:11]} Rxg4 {[%emt 0:00:26]} 47. Ke2 {[%emt 0:01:59]} Rd4 {[%emt 0:03:16]} 48. Ke3 {[%emt 0:01:02]} Rd8 {[%emt 0:00:06]} 49. Ke4 {[%emt 0:01:14]} Kg6 {[%emt 0:03:29]} 50. Ke5 {[%emt 0:03:24]} Kf7 {[%emt 0:02:07]} 51. c5 {[%emt 0:00:59]} Ke7 {[%emt 0:00:19]} 52. Ra1 {[%emt 0:03:32]} h5 {[%emt 0:08:18]} 53. c6 {[%emt 0:00:37]} Rd2 {[%emt 0:00:04]} 54. Ra7+ {[%emt 0:00:28]} Kd8 {[%emt 0:00:17]} 55. f4 {[%emt 0:01:11]} Rg2 {[%emt 0:00:21]} 56. Kd6 {[%emt 0:08:49]} Rd2+ {[%emt 0:00:04]} 57. Ke6 {[%emt 0:02:07]} Rg2 {[%emt 0:00:22]} 58. Ra5 {[%emt 0:15:08]} g6 {[%emt 0:00:05]} 59. Ra7 {[%emt 0:00:50]} Rf2 {[%emt 0:00:58]} 60. Kd6 {[%emt 0:05:00]} Rd2+ {[%emt 0:00:04]} 61. Ke5 {[%emt 0:00:22]} Re2+ {[%emt 0:04:21]} 62. Kd5 {[%emt 0:05:26]} Rd2+ {[%emt 0:00:24]} 63. Ke6 {[%emt 0:00:45]} Re2+ {[%emt 0:00:40]} 64. Kf6 {[%emt 0:01:48]} Re4 {[%emt 0:00:38]} 65. Kg5 {[%emt 0:00:05]} Re6 {[%emt 0:00:08]} 66. Rh7 {[%emt 0:00:36]} Rxc6 {[%emt 0:00:13]} 1/2-1/2

[Event "2nd Irena Warakomska Memorial-A"]
[Site "Suwalki"]
[Date "2018.08.08"]
[Round "9"]
[White "Rahul, Srivatshav P"]
[Black "Kanarek, Marcel"]
[Result "0-1"]
[WhiteElo "2388"]
[BlackElo "2518"]
[Annotator "TA"]
[PlyCount "62"]
[EventDate "2018.08.01"]
[EventType "swiss"]
[EventCountry "POL"]
[SourceTitle "playchess.com"]
[Source "ChessBase"]
[SourceQuality "1"]

{[%evp 21,62,29,43,16,18,18,18,0,15,16,22,-18,0,-54,-58,-58,-60,-64,-67,-69,-59,-49,-57,-193,-59,-86,-95,-330,-307,-289,-289,-389,-386,-921,-921,-1998,-1800,-1080,-1063,-29992,-29993,-29993,-29994]} 1. d4 Nf6 2. c4 g6 3. Nc3 Bg7 4. e4 d6 5. Bd3 O-O 6. Nge2 Nc6 7. O-O Nd7 8. Be3 e5 9. d5 Nd4 10. Nb5 Nxb5 {E70: King's Indian: Miscellaneous lines with 4 e4, including 5 Nge2 and 5 Bd3 0-0 6 Nge2} (10... Nxe2+ 11. Qxe2 b6 12. Rac1 a6 13. Nc3 a5 14. b3 f5 15. exf5 gxf5 16. f4 exf4 17. Bxf4 Ne5 18. Qd2 {0-1 (34) Seirawan,Y (2620)-Grischuk,A (2774) Berlin 2015}) 11. cxb5 f5 {LiveBook: 7 Games} 12. exf5 gxf5 {The position is equal.} 13. f3 Nf6 14. a4 $146 ({Predecessor:} 14. Qd2 Kh8 15. Bc4 Bd7 16. Kh1 Qe8 17. a4 Qg6 18. f4 {½-½ (41) Roussel Roozmon,T (2500)-Mamedov,N (2580) Moscow 2011}) 14... Kh8 15. Qb3 Qe7 16. a5 Qf7 17. Rfc1 (17. Rad1 $11) 17... Nxd5 $15 18. Bc4 Be6 19. a6 b6 20. Rc2 f4 21. Bf2 {Black must now prevent Rd1.} Qg6 $36 {[%mdl 2048] Black fights for an advantage.} 22. Rd2 {[#]} ({Better is} 22. Rac1 $15 Bh3 23. Ng3 fxg3 24. Bxg3) 22... Bh3 ({Black should play} 22... Ne3 $1 $19 {[%mdl 512]} 23. Bxe3 fxe3) 23. Ng3 $1 fxg3 24. hxg3 $2 {[#]} (24. Bxg3 $17 Ne3 25. Qxe3) 24... Nf4 $1 $19 25. gxh3 (25. gxf4 Qxg2#) 25... Nxh3+ 26. Kg2 e4 27. fxe4 $2 (27. Bd5 Rxf3 28. Bxe4 Rxb3 29. Bxg6 Nxf2 30. Bc2 Rxb2 31. Rxf2 Rxc2 32. Rxc2 Bxa1 33. Rc1) 27... Nxf2 28. Rxf2 Rxf2+ 29. Kxf2 {[#]} Rf8+ $1 30. Kg2 Qxe4+ 31. Kh3 Rf6 {Precision: White = 32%, Black = 71%.} 0-1

[Event "2nd Irena Warakomska Memorial-A"]
[Site "Suwalki"]
[Date "2018.08.08"]
[Round "9"]
[White "Tihonov, Jurij"]
[Black "Nasuta, Grzegorz"]
[Result "1-0"]
[WhiteElo "2385"]
[BlackElo "2497"]
[Annotator "TA"]
[PlyCount "132"]
[EventDate "2018.08.01"]
[EventType "swiss"]
[EventCountry "POL"]
[SourceTitle "playchess.com"]
[Source "ChessBase"]
[SourceQuality "1"]

{[%evp 16,132,8,0,22,27,40,23,80,37,61,31,32,26,54,43,56,47,45,22,43,38,54,41,30,39,272,276,299,289,293,281,290,273,874,1098,989,611,626,641,613,606,29975,29976,4998,560,577,543,487,224,227,229,218,229,228,220,210,216,191,175,172,162,436,433,439,439,439,439,439,439,439,439,439,440,440,440,440,440,440,0,161,161,161,161,161,161,16,16,19,16,230,77,230,230,230,230,29972,29973,29973,29974,29974,29975,29975,29976,29976,29976,29974,29977,29975,29978,29978,29979,29980,29981,29982,29981,29981,29981,29981]} 1. Nf3 d5 2. d4 c6 3. Bf4 Nf6 4. e3 Qb6 5. Qc1 Bf5 6. Be2 Nbd7 {D02: 1 d4 d5 2 Nf3 sidelines, including 2...Nf6 3 g3 and 2...Nf6 3 Bf4} (6... e6 7. O-O Nbd7 8. c4 Nh5 9. Be5 f6 10. c5 Qd8 11. Bd6 Bxd6 12. cxd6 Bxb1 13. Rxb1 f5 14. Ne5 Nhf6 15. b4 Rc8 16. f3 O-O 17. Nd3 Rf7 18. Ne5 Rf8 19. Nd3 Rf7 20. Ne5 {½-½ (20) Paragua,M (2513)-Coleman,T (2386) Las Vegas 2017}) 7. h3 e6 8. O-O Be7 9. Nbd2 {LiveBook: 3 Games} Ne4 10. c4 g5 $146 ({Predecessor:} 10... c5 11. cxd5 exd5 12. dxc5 Ndxc5 13. Nd4 Bd7 14. f3 Nf6 {½-½ (56) Rios,E (1887)-Mendez,P (1758) Managua 2015}) 11. Bh2 Ndf6 (11... h5 $11) 12. g4 Bg6 13. Ne5 Nxd2 14. Qxd2 Nd7 15. Nxd7 Kxd7 16. c5 Qd8 17. f4 $36 {[%mdl 2048] White has some pressure.} gxf4 18. exf4 Be4 19. f5 $1 exf5 20. Bf3 Bg5 $2 ({Black should play} 20... Rf8 $14) 21. Qb4 $1 $18 Kc8 22. Bxe4 $1 dxe4 23. Rxf5 f6 24. d5 cxd5 $2 (24... Qd7 25. Qxe4 Re8) 25. Qd4 Re8 26. h4 Bh6 27. Rd1 Qd7 28. Kh1 e3 {Now ...e2 and Black clings on.} 29. Rxd5 Qc6 {[#]} 30. g5 (30. Qe4 $142 $1 {[%mdl 512] Intending Qf5+ and mate.} Re5 (30... Rxe4 31. Rd8#) 31. Bxe5 fxe5 32. Qf5+ Kb8 33. Qxe5+ Kc8 34. Qh8+ Kc7 35. Qxh7+ Kb8 36. Qh8+ Kc7 37. Qxa8) 30... b6 31. gxh6 Kb7 {Threatening ...e2.} 32. Qg4 (32. Kg1 $142 Rg8+ 33. Kf1 (33. Kh1 Rad8 $11)) 32... Rad8 33. Qg2 $1 {White threatens Rd7+ and mate.} Rxd5 34. Qxd5 (34. Rxd5 $6 e2 $16) 34... Qxd5+ 35. Rxd5 {[%mdl 4096] Endgame KRB-KR} e2 36. Bg3 {Black must now prevent Rd7+.} e1=Q+ 37. Bxe1 Rxe1+ {KR-KR} 38. Kg2 Kc6 $2 (38... Kc7) 39. Rd6+ $1 Kxc5 {[#]} 40. Rd7 $1 Re5 {If only Black now had time for ...Rh5....} 41. Rxa7 Rh5 42. Rxh7 Rxh4 43. Rh8 Kc6 44. Kg3 Rh5 45. Kg4 Rg5+ 46. Kh4 Rg6 47. Rh7 $2 (47. h7 $18 {Rc8+ would kill now.} Rh6+ 48. Kg4) 47... Kb5 $2 (47... Kd6 $11) 48. a3 {Strongly threatening b3.} Ka4 49. Rh8 Kb3 50. h7 Rh6+ 51. Kg4 {Hoping for Kf3.} Kxb2 52. a4 {Kf4 is the strong threat.} Ka3 $2 (52... Kb3 $11 {and Black stays safe.} 53. Kf3 f5) 53. Kf5 Ka2 $2 (53... Kb4 $16 54. Ke4 f5+ 55. Kd4 (55. Kxf5 Rh1 $16) 55... Rh4+ 56. Ke3 f4+ 57. Kf3 Ka3) 54. Ke6 Ka3 55. Kf7 {And now Kg7 would win.} Kxa4 $2 (55... Rh3 $18 56. Kg7 (56. Kxf6 Rf3+ 57. Ke6 Rh3 $16) 56... Rg3+ 57. Kh6 (57. Kxf6 Rh3 $16) 57... Rh3+ 58. Kg6 Rg3+ 59. Kh6 (59. Kxf6 Rh3 $16) 59... Rh3+ 60. Kg7 Rg3+ 61. Kh6 (61. Kxf6 Rh3 $16)) 56. Ra8+ {White mates.} Kb3 57. h8=Q Rxh8 58. Rxh8 {KR-KPP} b5 59. Ke6 Kc4 60. Rc8+ Kd4 61. Rb8 Kc4 {[#]} 62. Kf5 $1 {[%cal Rf5e4]} b4 63. Ke4 f5+ 64. Ke3 f4+ 65. Kd2 f3 66. Rf8 Kd5 {Precision: White = 74%, Black = 39%.} 1-0

[Event "2nd Irena Warakomska Memorial-A"]
[Site "Suwalki"]
[Date "2018.08.08"]
[Round "9"]
[White "Roy, Prantik"]
[Black "Ulybin, Mikhail"]
[Result "1-0"]
[WhiteElo "2377"]
[BlackElo "2512"]
[Annotator "TA RC"]
[PlyCount "33"]
[EventDate "2018.08.01"]
[EventType "swiss"]
[EventCountry "POL"]
[SourceTitle "playchess.com"]
[Source "ChessBase"]
[SourceQuality "1"]

{[%evp 9,33,5,7,14,26,22,19,16,29,19,24,15,35,23,28,29,150,145,138,153,146,123,1309,1270,29994,29995]} 1. d4 e6 2. Bf4 c5 (2... Nf6 3. e3 d5 4. c4 Bd6 5. Bxd6 cxd6 6. Nc3 dxc4 7. Bxc4 O-O 8. Nf3 a6 9. O-O b5 10. Bd3 Bb7 11. Qe2 Nbd7 12. a4 {1-0 (44) Karjakin,S (2783)-Meier,G (2630) chess.com INT 2017}) 3. e3 Qb6 4. Nc3 Nf6 5. Rb1 cxd4 6. exd4 {A40: Unusual replies to 1 d4} Be7 7. Nf3 O-O 8. Bd3 {The position is equal.} d6 9. O-O Bd7 $146 ({Predecessor:} 9... Nc6 10. Re1 a6 11. a3 Qc7 12. Bg5 b5 13. Ne4 Nd5 14. c3 {0-1 (50) Tan,T (1488)-Bjorgvinsson,A (1937) Reykjavik 2016}) 10. Re1 Re8 11. Ne4 $36 {[%mdl 2048] Black is under pressure.} Nxe4 12. Bxe4 d5 {[#]} (12... Bc6 $11 {remains equal.}) 13. Bxh7+ $1 $16 Kxh7 {[#]} 14. Ne5 $1 g6 15. Qg4 Kg7 $2 {[%mdl 8192]} ({Not} 15... Qxd4 16. Re3 $17) (15... Bf6 $16) 16. Bh6+ $18 Kxh6 17. Qf4+ 1-0

[Event "2nd Irena Warakomska Memorial-A"]
[Site "Suwalki"]
[Date "2018.08.08"]
[Round "9"]
[White "Oglaza, Oskar"]
[Black "Tarun, V Kanth"]
[Result "1-0"]
[WhiteElo "2364"]
[BlackElo "2102"]
[Annotator "TA"]
[PlyCount "115"]
[EventDate "2018.08.01"]
[EventType "swiss"]
[EventCountry "POL"]
[SourceTitle "playchess.com"]
[Source "ChessBase"]
[SourceQuality "1"]

{[%evp 24,114,18,8,29,0,2,0,12,0,-1,-16,5,6,17,12,24,13,67,53,50,45,44,6,0,0,0,0,0,0,101,14,0,0,0,0,0,0,0,0,0,-104,-101,-87,0,0,0,-75,-78,-77,-92,-72,-88,-212,-191,-233,-218,-214,-222,-164,-112,-90,0,-1,-8,-8,-3,-6,0,0,93,102,104,83,95,0,0,0,40,-104,-76,-136,29994,29995,29995,29996,29996,29997,29997,29998,29998,29999,29999]} 1. d4 d5 2. c4 e6 3. Nc3 Nf6 4. cxd5 exd5 5. Bg5 c6 6. Qc2 Be7 7. e3 Nbd7 8. Bd3 Nh5 9. Bxe7 Qxe7 10. Nge2 g6 11. O-O O-O 12. Rae1 {D36: Queen's Gambit Declined: Exchange Variation: Main line (5 Bg5 c6 6 Qc2)} (12. Rab1 a5 13. Rbe1 Nb6 14. Nc1 Ng7 15. f3 Bf5 16. e4 dxe4 17. fxe4 Be6 18. Qf2 f5 19. exf5 Nxf5 20. Nb3 Ng7 21. Qe3 Rxf1+ 22. Rxf1 Re8 23. Nc5 Bf5 {½-½ (23) Korobov,A (2711)-Yilmaz,M (2630) Khanty-Mansiysk 2017}) 12... Nb6 13. Nc1 {LiveBook: 29 Games} f5 14. f3 {White has an edge.} Be6 15. Nb3 Nd7 $146 ({Predecessor:} 15... Rae8 16. Nc5 Bc8 17. b4 a6 18. a4 Qg7 19. f4 {1-0 (60) Baburin,A (2473)-Fox,A (2016) Ennis 2017}) 16. g3 Rae8 17. Rf2 b6 18. Qd2 Rc8 19. Nc1 Qg7 20. b4 c5 (20... Qe7 $11) 21. Ba6 $14 Rcd8 22. bxc5 bxc5 23. Nb3 c4 24. Nc5 Nxc5 25. dxc5 Qc7 26. Qd4 Nxg3 (26... Bf7 $11) 27. hxg3 (27. Rb2 $16 Nh5 28. Rb7) 27... Qxg3+ $11 28. Kf1 {Hoping for Ne2.} f4 29. Bb7 {[%cal Rc3d5]} Rfe8 $1 30. Ke2 Bf7 31. Kf1 $1 Qh3+ 32. Rg2 (32. Kg1 $11 Qg3+ 33. Kf1 Qh3+ 34. Kg1 Qg3+ 35. Kf1) 32... Qh1+ $1 $17 ({Stronger than} 32... Qxf3+ 33. Kg1 $16) 33. Kf2 Qh4+ 34. Kf1 Qh1+ 35. Kf2 fxe3+ 36. Rxe3 Rxe3 37. Qxe3 Qh4+ $1 38. Kf1 (38. Kg1 $17 {was necessary.} Re8 39. Ne4 dxe4 40. Bxe4) 38... d4 $19 {[%mdl 1024] Black has strong compensation.} 39. Qf2 Qh1+ 40. Rg1 Qh3+ 41. Qg2 Qh6 (41... Qxg2+ $19 42. Kxg2 dxc3) 42. Ne4 $17 {Strongly threatening Qg5.} Qc1+ (42... c3 $1 $17 {And now ...d3 would win.} 43. Kf2 Qe3+ 44. Kg3 c2 $1 {[%mdl 512]}) 43. Kf2 $11 Qb2+ 44. Kf1 $1 Qxb7 45. Qg5 $1 $132 {[%cal Rg5d8][%mdl 2048] White is not keeping still} Rb8 {White must now prevent ...Qc7.} 46. Qe5 Be8 (46... Qb1+ $11 {keeps the balance.} 47. Kg2 Qb2+ 48. Kg3 d3) 47. Nf6+ $1 $16 Kf7 48. Nd5 $1 Kg8 {...d3 is the strong threat.} 49. Nf6+ (49. Kf2 $16 Qb2+ 50. Kg3) 49... Kf7 $14 50. Nd5 Kg8 {Threatens to win with ...d3.} 51. Qxd4 {[#]} (51. Kf2 $14 {stays ahead.} Qb2+ 52. Kg3) 51... Qb2 $1 $17 {[%cal Rb2d4]} 52. Qf4 (52. Nc3 $142) 52... c3 $2 {[%mdl 8192] [#]} (52... Bf7 $17 53. Nf6+ Kg7 54. Nh5+ Kh8) 53. Ne7+ $1 {White mates.} Kg7 54. Nf5+ $1 Kf6 55. Nh6+ Kg7 56. Qe5+ Kxh6 57. Rh1+ Qh2 58. Rxh2# {Precision: White = 52%, Black = 47%.} 1-0

[Event "2nd Irena Warakomska Memorial-A"]
[Site "Suwalki"]
[Date "2018.08.08"]
[Round "9"]
[White "Debarshi, Mukherjee"]
[Black "Fiedorek, Michal"]
[Result "1-0"]
[WhiteElo "2308"]
[BlackElo "1970"]
[Annotator "TA"]
[PlyCount "91"]
[EventDate "2018.08.01"]
[EventType "swiss"]
[EventCountry "POL"]
[SourceTitle "playchess.com"]
[Source "ChessBase"]
[SourceQuality "1"]

{[%evp 18,91,23,22,35,27,36,35,43,39,41,37,46,47,46,51,89,85,87,87,98,97,98,98,102,102,108,93,99,77,131,83,130,133,131,131,141,124,146,144,148,154,158,146,177,187,191,189,196,193,190,159,164,155,295,295,295,295,283,295,291,284,366,357,410,379,458,436,468,470,608,567,1345,1010,759,687]} 1. d4 d5 2. c4 e6 3. Nf3 Nf6 4. g3 Be7 5. Bg2 O-O 6. O-O dxc4 7. Qc2 c6 8. Qxc4 b5 9. Qc2 Bb7 10. Bg5 {LiveBook: 8 Games. D30: Queen's Gambit Declined: Systems without Nc3} (10. Nc3 Nbd7 11. Rd1 Qb6 12. Ne5 Rfd8 13. Be3 Nd5 14. Nxd5 cxd5 15. Rac1 Rac8 16. Qd3 b4 17. Rxc8 Bxc8 {½-½ (41) So,W (2799)-Mamedyarov,S (2809) Berlin 2018}) 10... h6 11. Bxf6 Bxf6 12. Rd1 {White is slightly better.} Qb6 13. Nbd2 $146 ({Predecessor:} 13. Nc3 Nd7 14. Ne4 a5 15. Nxf6+ Nxf6 16. Ne5 Rfc8 17. Rac1 Nd5 {1-0 (35) Vaassen,J (1950)-Kurpnieks,V (1981) IECG email 2001}) 13... Rd8 14. Nb3 Na6 15. Rac1 Rac8 16. Rd2 Be7 17. Ne5 Bb4 18. Rdd1 Bd6 19. Nd3 Nb4 20. Nxb4 Bxb4 21. e3 Be7 22. Nc5 Ba8 23. b4 Bf6 ({Better is} 23... a5) 24. f4 Rc7 25. Nb3 Be7 26. a3 Rd6 27. Qf2 Bf8 28. Rc3 Qa6 29. Na5 Qb6 30. Rdc1 Qa6 31. Bf3 Be7 32. Qg2 Bd8 33. Bxc6 Bxc6 34. Rxc6 Rdxc6 35. Rxc6 ({Don't do} 35. Nxc6 $6 Qxa3 36. Qd2 Bf6 $14) 35... Rxc6 (35... Qc8 $16 36. Qc2 Qd7) 36. Qxc6 $18 ({Worse is} 36. Nxc6 Qxa3 37. Nxd8 Qxe3+ 38. Qf2 Qe4 $11) 36... Qxc6 37. Nxc6 {[%mdl 4096] Endgame KB-KN} Bb6 {[#]} 38. Ne7+ $1 Kf8 39. Nc8 f5 40. Kf2 g6 41. Ke2 Kg7 42. Kd3 {White is clearly winning.} Kf6 43. h4 h5 44. Kc3 Kg7 45. Kb3 Kf6 46. a4 {Precision: White = 84%, Black = 33%.} 1-0

[Event "2nd Irena Warakomska Memorial-A"]
[Site "Suwalki"]
[Date "2018.08.08"]
[Round "9"]
[White "Grebeniuk, Semen"]
[Black "Warakomski, Tomasz"]
[Result "1/2-1/2"]
[WhiteElo "2306"]
[BlackElo "2512"]
[Annotator "TA RC"]
[PlyCount "37"]
[EventDate "2018.08.01"]
[EventType "swiss"]
[EventCountry "POL"]
[SourceTitle "playchess.com"]
[Source "ChessBase"]
[SourceQuality "1"]

{[%evp 17,18,-18,-7]} 1. Nf3 d5 2. g3 Nf6 3. Bg2 c6 4. d3 Bf5 5. O-O h6 6. b3 e6 7. Bb2 Be7 8. c4 O-O 9. Nbd2 Bh7 {LiveBook: 140 Games} {Predecessor:} 10. a3 $146 a5 11. Ra2 b5 12. Qa1 Nbd7 13. Rc1 Qb6 14. cxb5 cxb5 15. Bd4 Qb7 16. Rac2 Rfc8 17. Ne5 Nxe5 18. Bxe5 Rxc2 19. Rxc2 {0-1 (51) Carlsen,M (2857)-Grischuk,A (2754) chess.com INT 2016} 1/2-1/2

[Event "2nd Irena Warakomska Memorial-A"]
[Site "Suwalki"]
[Date "2018.08.08"]
[Round "9"]
[White "Schippers, Maurice"]
[Black "Buraczewski, Rafal"]
[Result "1-0"]
[WhiteElo "2303"]
[BlackElo "2221"]
[Annotator "TA"]
[PlyCount "56"]
[EventDate "2018.08.01"]
[EventType "swiss"]
[EventCountry "POL"]
[SourceTitle "playchess.com"]
[Source "ChessBase"]
[SourceQuality "1"]

{[%evp 20,56,52,34,56,57,106,94,156,168,160,136,182,172,154,116,599,578,1108,282,308,177,441,433,436,433,433,433,433,433,433,433,432,430,418,415,433,416,359]} 1. e4 c6 2. d4 g6 3. Nc3 Bg7 4. Nf3 d5 5. h3 dxe4 6. Nxe4 Nd7 7. Bd3 Ngf6 8. Nxf6+ Nxf6 9. O-O O-O 10. Re1 Qc7 11. Bg5 {[%cal Bc1g5,Bg5h4,Bh4g3][%mdl 32] LiveBook: 4 Partien. B15: Caro-Kann (Flohr-Variante)} h6 (11... Be6 12. Qd2 Rad8 13. Bh6 Rfe8 14. Bxg7 Kxg7 15. Rxe6 fxe6 16. Ng5 Rd6 17. Re1 Qc8 18. Bc4 Nd5 {1-0 (28) Salem,A (2625)-El Taher,F (2483) Sharjah 2016}) 12. Bh4 Re8 13. Ne5 $146 {Weiß steht besser.} ({Vorgänger:} 13. c3 b6 14. Bg3 Qb7 15. Qc2 Nh7 16. Ne5 e6 17. Nxf7 Qxf7 18. Bxg6 Qd7 19. Bxh7+ Kh8 20. Bg6 Re7 21. Bh5 {1-0 (21) Gurevich,V (2435)-Wallrabenstein,U Berlin 1997}) 13... g5 ({Günstiger ist} 13... Qb6) 14. Bg3 $16 {[#] Und weiter mit Sxf7! wäre nett.} Qb6 15. h4 Be6 16. hxg5 hxg5 17. Qd2 Nh5 $2 {[%mdl 8192]} (17... Rad8 $16 {leistet mehr Widerstand.}) 18. Qxg5 $18 Nxg3 19. Qxg3 $2 (19. Re3 f6 20. Qg6) 19... Qxd4 20. Re4 ({Weniger gut wäre} 20. c3 Qb6 $16) (20. Re3 $142) 20... Qd6 $2 (20... Qxb2 {ist wohl besser.} 21. Rae1 Bf5) 21. Rae1 {Th4 ist eine echte Drohung.} Bf5 22. Rh4 Bxd3 {[#]} 23. Rh8+ $1 {[%mdl 512]} Kxh8 24. Nxf7+ Kg8 25. Nxd6 exd6 26. Rxe8+ Rxe8 27. Qxd3 ({Nicht} 27. cxd3 Re1+ 28. Kh2 Kf7 $18) 27... Re1+ 28. Kh2 d5 {Precision: Weiß = 73%, Schwarz = 23%.} 1-0